Loading...
| Beliefs | 10 | 15.00 | 100% | 30% | 20% |
| Fine Arts - Classical Music and Opera | 5 | 10.00 | 80% | 20% | 0% |
| Fine Arts - Other Arts | 4 | 15.00 | 100% | 50% | 0% |
| Geography | 2 | 10.00 | 100% | 0% | 0% |
| History - American | 2 | 10.00 | 100% | 0% | 0% |
| History - Ancient | 4 | 12.50 | 100% | 25% | 0% |
| History - European | 5 | 12.00 | 80% | 40% | 0% |
| History - Other | 2 | 5.00 | 50% | 0% | 0% |
| History - World | 8 | 10.00 | 75% | 25% | 0% |
| Literature - American | 5 | 16.00 | 100% | 60% | 0% |
| Literature - British | 9 | 15.56 | 100% | 44% | 11% |
| Literature - European | 4 | 20.00 | 100% | 75% | 25% |
| Literature - World | 6 | 13.33 | 83% | 33% | 17% |
| Modern World | 2 | 10.00 | 100% | 0% | 0% |
| Other Academic | 2 | 20.00 | 100% | 100% | 0% |
| Philosophy | 7 | 15.71 | 100% | 57% | 0% |
| Science - Biology | 5 | 6.00 | 60% | 0% | 0% |
| Science - Chemistry | 3 | 16.67 | 100% | 67% | 0% |
| Science - Other | 4 | 12.50 | 100% | 25% | 0% |
| Science - Physics | 5 | 16.00 | 100% | 40% | 20% |
| Social Science | 9 | 15.56 | 89% | 56% | 11% |
| Visual Arts | 3 | 10.00 | 33% | 67% | 0% |